Problemas de psicología social en América Latina /
Gorde:
| Beste egile batzuk: | |
|---|---|
| Formatua: | Ezezaguna |
| Hizkuntza: | Spanish |
| Argitaratua: |
San Salvador, El Salvador:
UCA,
|
| Edizioa: | 3. edición |
| Saila: | Colección lecturas universitarias
|
| Gaiak: | |
| Etiketak: |
Etiketa erantsi
Etiketarik gabe, Izan zaitez lehena erregistro honi etiketa jartzen!
|
MARC
| LEADER | 000000000a22000000004500 | ||
|---|---|---|---|
| 001 | 001069 | ||
| 008 | 170622q1980 es ||||| |||| 00| 0 spa d | ||
| 040 | |a CIICLA - UCR | ||
| 041 | 0 | |a español | |
| 082 | |a 302 |b P962p3 | ||
| 245 | 1 | 0 | |a Problemas de psicología social en América Latina / |c Ignacio Martín Baro, seleccionador |
| 250 | |a 3. edición | ||
| 260 | |a San Salvador, El Salvador: |b UCA, | ||
| 300 | |a 398 páginas | ||
| 490 | 1 | |a Colección lecturas universitarias | |
| 500 | |a Número de inscripción 13306 (George Yúdice) | ||
| 650 | 4 | |a PSICOLOGIA SOCIAL | |
| 700 | 1 | 2 | |a Martín-Baro, Ignacio, |e seleccionador |
| 942 | |2 ddc |c BK | ||
| 999 | |c 2187 |d 2187 | ||
